| 000 | 00599nam a2200181Ia 4500 | ||
|---|---|---|---|
| 008 | 100920s9999 xx 000 0 und d | ||
| 082 |
_b56802 _a24 थ 88 |
||
| 100 | _aपै शिरीष. | ||
| 245 | _aवडिलांच्या सेवेसी. | ||
| 260 |
_bडिंपल पब्लिकेशन, ठाणे. _c1988 |
||
| 300 |
_a200 _bसाधी |
||
| 365 | _b60 | ||
| 520 | _aसायो. | ||
| 630 | _aवडिलांच्या सेवेसी. | ||
| 650 | _aसायो. | ||
| 730 | _aवडिलांच्या सेवेसी. | ||
| 942 | _cBOOK | ||
| 999 |
_c700824 _d700821 |
||